Normale Ansicht MARC-Ansicht ISBD

Integriertes Stadtentwicklungskonzept INSEK 2020-2030/ (Titelsatznr. 80530)

[ MARC ]
MARC-Details
000 -Satzkennung
Kontrollfeld mit fester Länge 00612nam a2200157 4500
008 - Feld mit fester Länge zur physischen Beschreibung - Allgemeine Angaben
Kontrollfeld mit fester Länge 210108b ||||| |||| 00| 0 eng d
040 ## - Katalogisierungsquelle
Original-Katalogisierungsstelle STAFF
Katalogisierungssprache ger
Übertragungsstelle STAFF
Beschreibungsfestlegungen rda
041 ## - Sprachcode
Sprachcode des Textes/der Tonspur oder des separaten Titels ger
100 ## - Person oder Familie als 1. geistiger Schöpfer
Personenname Gersmeier, Olaf
245 ## - Titel
Haupttitel Integriertes Stadtentwicklungskonzept INSEK 2020-2030/
Verantwortlichkeitsangabe Olaf Gersmeier
773 ## - Übergeordnete Einheit
Ort, Verlag und Erscheinungsjahr Frankfurt (Oder): Stadt Frankfurt (Oder) und Büro für Stadtplanung, -forschung und -erneuerung
Verknüpfungsangaben (2020), Nr. 28, Dezember, S. 3
Titel Zentrum: Zeitschrift für das Sanierungsgebiet ehemalige Altstadt Frankfurt (Oder)
942 ## - Zusätzliche Felder (Koha)
Koha-Medientyp Aufsätze
Exemplare
Ausgeschieden Verloren Beschädigt Nicht entleihbar Permanenter Standort Aktueller Standort Aufstellungsort Eingabedatum Jahrgang/Heft Anzahl Ausleihen Signatur Letzte Aktivität Preis gültig von Medientyp
        Stadtarchiv Frankfurt (Oder) | Archivbibliothek Stadtarchiv Frankfurt (Oder) | Archivbibliothek Lesesaal 08/01/2021 Heft 28/2020   Z 11 08/01/2021 08/01/2021 Aufsätze